Sports Quiz

Random Sports or NBA Quiz

Denver Nuggets All-Time Leaders Quiz Stats

 Plays Quiz Updated Apr 16, 2018

Challenge
Share
Tweet
Embed
Score 0/50 Timer 06:00
6 Plays Today
% Correct
Carmelo Anthony
93.7%
Carmelo Anthony
93.7%
Carmelo Anthony
93.7%
Alex English
74.6%
Alex English
74.6%
Alex English
74.6%
Alex English
74.6%
Alex English
74.6%
Dikembe Mutombo
66.8%
Dikembe Mutombo
66.8%
Mahmoud Abdul-Rauf
44.3%
Mahmoud Abdul-Rauf
44.3%
David Thompson
42.4%
Dan Issel
41.8%
Dan Issel
41.8%
Dan Issel
41.8%
Dan Issel
41.8%
Marcus Camby
41%
Marcus Camby
41%
Ty Lawson
39.8%
Nenê Hilario
39.1%
Nenê Hilario
39.1%
Nenê Hilario
39.1%
Nenê Hilario
39.1%
Andre Miller
38.6%
% Correct
Fat Lever
36.5%
Fat Lever
36.5%
Fat Lever
36.5%
Fat Lever
36.5%
Kiki Vandeweghe
35%
Bobby Jones
31.4%
Bobby Jones
31.4%
Reggie Williams
30.3%
Antonio McDyess
27%
Michael Adams
22.2%
Michael Adams
22.2%
Nick Van Exel
17.3%
Kenneth Faried
12.6%
Chris Andersen
11.7%
T.R. Dunn
9.8%
Ralph Simpson
9.1%
Ralph Simpson
9.1%
Ralph Simpson
9.1%
Byron Beck
8.1%
Byron Beck
8.1%
Danny Schayes
7.9%
Raef LaFrentz
7.8%
Wayne Cooper
7.3%
Bill Hanzlik
6.7%
Julius Keye
3%

You're not logged in!

Compare scores with friends on all Sporcle quizzes.
OR
Log In

You Might Also Like...

Show Comments

Extras

Top Quizzes Today


Score Distribution

Your Account Isn't Verified!

In order to create a playlist on Sporcle, you need to verify the email address you used during registration. Go to your Sporcle Settings to finish the process.

Report this User

Report this user for behavior that violates our Community Guidelines.

Details: